000 01875cam a22004454i 4500
003 PE-LiUPU
005 20250731173501.0
008 150616s1988 mau r 000 0 eng d
035 _a(Sirsi) a6909
040 _aPE-LiUPU
_bspa
_cPE-LiUPU
_erda
049 _aPRUA
082 0 4 _a236.2
_bG58
_221
100 1 _aGloer, W. Hulitt,
_eautor.
245 1 0 _aEschatology and the New Testament /
_cW. Hulitt Gloer.
264 1 _aPeabody, Massachusetts :
_bHendrickson Publishers,
_c1988.
300 _a154 páginas ;
_c21 centímetros
336 _atext
_2rdacontent
337 _aunmediated
_2rdamedia
338 _avolume
_2rdacarrier
505 0 _aThe significancce of eschatology in the teaching of Jesus -- Apocalyptic, literacy, and the canonical tradition -- Matthew 12:28/Luke 11:20-a Word of Jesus? -- Eschatology in Acts -- The gentile mission as an eschatological phenomenon -- The future of Israel: Reflections on Romans 9-11 -- The Spirit in 2 Corinthians in Light of the "Fellowship of the Holy Spirit" -- Jesus as Lord: The development of the concept. Eschatology Apocalyptic.
526 _aSEG42
526 _aSEG41
526 _aSEG40
526 _aSEG39
526 _aP94
526 _aP87
526 _aP86
526 _aP85
526 _aP77
526 _aP76
526 _aP35
650 0 4 _aEscatologia (Fin del mundo).
910 _ajck
_bjvq
_cjck
942 _2ddc
_cBOOK
949 _a236.2 G58
_wDEWEY
_c1
_i40290
_lCCODEBUL1
_mBUL
_p00.00
_r0
_sY
_tBOOK
_u19960104
_xTEOLOGIA
_zUNKNOWN
_0COMPRA
_o.STAFF. Colección General
994 _aC0
_bPEPRU
596 _a1
999 _a236.2 G58
_wDEWEY
_c58093
_i40290
_d58093
_e2017-10-2
_f2021-11-11
_g5
_lCCODEBUL1
_mBUL
_n1
_p29.50
_r0
_sY
_tBOOK
_u2015-6-16
_xTEOLOGIA
_PP35
_0COMPRA
_o.STAFF. Colección Teología
980 _81
_gALBERTO SANCHEZ Responsable de Automatización